000 00405nam a2200169Ia 4500
008 230524s9999 xx 000 0 und d
020 _a8176352675
082 _a5.133
_bCOR
100 _aCorby Jordan
_911780
245 0 _aMCSD Visual Basic 6
250 _a1ST
260 _aNEW DELHI
_bMacmillan
_c1999
300 _aXXXVIII;1202
500 _aQuantity Number: 1
650 _aComp-Sc
942 _cBK
999 _c16048
_d16048